书目信息 |
| 题名: |
中国农业气候资源
|
|
| 作者: | 侯光良 李继由 张谊光 | |
| 分册: | ||
| 出版信息: | 北京 中国人民大学出版社 1993 |
|
| 页数: | 387页 | |
| 开本: | 26cm | |
| 丛书名: | 中国自然资源丛书 | |
| 单 册: | ||
| 中图分类: | S162 | |
| 科图分类: | ||
| 主题词: | 农业科学:气象学 | |
| 电子资源: | ||
| ISBN: | 7-300-01818-1 | |
| 000 | 00683nam0 2200205 450 | |
| 001 | 0736196517 | |
| 005 | 20070924100316.51 | |
| 010 | @a7-300-01818-1@d¥19.80 | |
| 100 | @a20070924d km y0chiy0120 ea | |
| 101 | 0 | @achi |
| 200 | 1 | @a中国农业气候资源@Azhong guo nong ye qi hou zi yuan@f侯光良 李继由 张谊光@Fhou guang liang li ji you zhang yi guang |
| 210 | @a北京@c中国人民大学出版社@d1993 | |
| 215 | @a387页@c插图@d26cm | |
| 225 | 2 | @a中国自然资源丛书 |
| 410 | 0 | @12001 @a中国自然资源丛书 |
| 606 | 0 | @a农业科学:气象学 |
| 690 | @aS162@v3 | |
| 701 | 0 | @a侯光良 李继由 张谊光@Ahou guang liang li ji you zhang yi guang |
| 801 | 0 | @aCN@bPFT@c20070924 |
| 905 | @a213230@dS162@eZY4@f1 | |
| 中国农业气候资源/侯光良 李继由 张谊光.-北京:中国人民大学出版社,1993 |
| 387页:插图;26cm.-(中国自然资源丛书) |
| ISBN 7-300-01818-1:¥19.80 |
| ● |
| 相关链接 |
|
|
|
|
正题名:中国农业气候资源
索取号:S162/ZY4
 
预约/预借
| 序号 | 登录号 | 条形码 | 馆藏地/架位号 | 状态 | 备注 |
| 1 | 7900664 | 279006647 | 密集书库-资源管理系/ [索取号:S162/ZY4] | 在馆 |